[Event "CFriend SH-2005-0-00038 email"]
[Site "Chessfriend.com"]
[Date "2005.07.19"]
[Round "1"]
[White "Marjamaki, Marko"]
[Black "Woelfelschneider, Peter"]
[Result "0-1"]
[WhiteElo "2056"]
[BlackElo "2047"]
[PlyCount "74"]
[EventDate "2005.07.19"]
[EventType "tourn (corr)"]
[EventRounds "6"]
[SourceTitle "Corr 2008"]
[Source "ChessBase"]
[SourceDate "2008.06.24"]
[SourceVersion "1"]
[SourceVersionDate "2008.06.24"]
[SourceQuality "1"]

1. d4 d5 2. c4 dxc4 3. Nf3 Nf6 4. e3 e6 5. Bxc4 c5 6. Qe2 a6 7. dxc5 Bxc5 8. 0-0 0-0 9. e4 b5 10. Bd3 e5 11. a4 bxa4 12. Nxe5 Re8 13. Bf4 Qc7 14. Ng6 Qb7 15. Qc2 Bd4 16. Rxa4 Nc6 17. e5 hxg6 18. exf6 Bxf6 19. Be4 Bf5 20. Bxf5 gxf5 21. Be3 Rad8 22. Nc3 Nd4 23. Qb1 Re6 24. Rd1 Red6 25. Re1 Be5 26. Bg5 Rg6 27. h4 Bf6 28. f4 Qc7 29. Rf1 Be7 30. Qa2 Qb7 31. Rf2 Nb3 32. Kh2 Bc5 33. Rc2 Rd3 34. Rc4 Rgd6 35. Qa4 Kh7 36. h5 Nd2 37. Rxc5 Nf3+ 0-1

[Event "CFriend SH-2005-0-00038 email"]
[Site "Chessfriend.com"]
[Date "2005.07.19"]
[Round "1"]
[White "Pech, Jaroslav Sr"]
[Black "Marjamaki, Marko"]
[Result "0-1"]
[WhiteElo "2043"]
[BlackElo "2056"]
[PlyCount "48"]
[EventDate "2005.07.19"]
[EventType "tourn (corr)"]
[EventRounds "6"]
[SourceTitle "Corr 2008"]
[Source "ChessBase"]
[SourceDate "2008.06.24"]
[SourceVersion "1"]
[SourceVersionDate "2008.06.24"]
[SourceQuality "1"]

1. d4 Nf6 2. c4 g6 3. Nc3 Bg7 4. e4 d6 5. Nf3 0-0 6. Be2 e5 7. 0-0 Na6 8. Be3 Ng4 9. Bg5 Qe8 10. h3 h6 11. Bc1 exd4 12. Nxd4 Nf6 13. Bf3 Nh7 14. Bf4 Ng5 15. Re1 Nc5 16. Nd5 Qd8 17. e5 c6 18. Nf6+ Bxf6 19. exf6 Qxf6 20. Bxg5 Qxg5 21. b4 Nd7 22. b5 c5 23. Ne2 Nb6 24. Qd3 Bxh3 0-1

[Event "CFriend SI-2004-0-00027 email"]
[Site "Chessfriend.com"]
[Date "2004.11.13"]
[Round "1"]
[White "Pecotic, Kuzma"]
[Black "Marjamaki, Marko"]
[Result "0-1"]
[WhiteElo "2034"]
[BlackElo "2056"]
[PlyCount "70"]
[EventDate "2004.??.??"]
[EventType "tourn (corr)"]
[EventRounds "6"]
[SourceTitle "Corr 2008"]
[Source "ChessBase"]
[SourceDate "2008.06.24"]
[SourceVersion "1"]
[SourceVersionDate "2008.06.24"]
[SourceQuality "1"]

1. d4 e6 2. g3 f5 3. Bg2 d5 4. Nf3 Bd6 5. c4 c6 6. 0-0 Nf6 7. b3 Qe7 8. a4 a5 9. Ba3 Bxa3 10. Nxa3 0-0 11. Qc2 Na6 12. Qd2 Nb4 13. Ne5 Ng4 14. Nxg4 fxg4 15. e4 dxe4 16. Rae1 Nd3 17. Rxe4 Nxf2 18. Rf4 Rxf4 19. Qxf4 Nh3+ 20. Bxh3 gxh3 21. c5 e5 22. Re1 exf4 23. Rxe7 Kf8 24. Re5 fxg3 25. hxg3 Bg4 26. Nc4 Bd1 27. Re3 g5 28. Rd3 Be2 29. Rd2 Bg4 30. Kh2 h5 31. d5 cxd5 32. Rxd5 Re8 33. Re5 Rxe5 34. Nxe5 Be6 35. c6 b6 0-1

[Event "CFriend AP-2004-Q-00007 email"]
[Site "Chessfriend.com"]
[Date "2004.02.28"]
[Round "?"]
[White "Johannesson, Ingvar Thor"]
[Black "Marjamaki, Marko"]
[Result "0-1"]
[WhiteElo "2302"]
[BlackElo "1750"]
[PlyCount "42"]
[EventDate "2004.??.??"]
[EventType "tourn (corr)"]
[EventRounds "12"]
[SourceTitle "Corr 2008"]
[Source "ChessBase"]
[SourceDate "2008.06.24"]
[SourceVersion "1"]
[SourceVersionDate "2008.06.24"]
[SourceQuality "1"]

1. Nf3 d5 2. c4 e6 3. d4 c6 4. Qc2 f5 5. Bf4 Nf6 6. e3 Be7 7. Bd3 0-0 8. 0-0 Ne4 9. Nc3 Nd7 10. h3 Qe8 11. Ne5 Nxe5 12. Bxe5 b6 13. Ne2 Ba6 14. cxd5 Bxd3 15. Qxd3 exd5 16. Rac1 Rc8 17. Rc2 Bd6 18. Bxd6 Nxd6 19. Rfc1 Qd7 20. Qb3 Nc4 21. Qc3 Rf6 0-1

[Event "CFriend AP-2004-Q-00007 email"]
[Site "Chessfriend.com"]
[Date "2004.02.28"]
[Round "?"]
[White "Karelin, Evgeny Petrovich"]
[Black "Marjamaki, Marko"]
[Result "0-1"]
[WhiteElo "2087"]
[BlackElo "1750"]
[PlyCount "54"]
[EventDate "2004.??.??"]
[EventType "tourn (corr)"]
[EventRounds "12"]
[SourceTitle "Corr 2008"]
[Source "ChessBase"]
[SourceDate "2008.06.24"]
[SourceVersion "1"]
[SourceVersionDate "2008.06.24"]
[SourceQuality "1"]

1. e4 e6 2. d4 d5 3. Nc3 Bb4 4. a3 Bxc3+ 5. bxc3 dxe4 6. Qg4 Nf6 7. Qxg7 Rg8 8. Qh6 Nbd7 9. Ne2 b6 10. Bg5 Qe7 11. Qh4 Bb7 12. Ng3 h6 13. Bxh6 0-0-0 14. Bg5 Rg6 15. Qf4 e5 16. Qd2 c5 17. h4 exd4 18. cxd4 cxd4 19. Qxd4 Nc5 20. Qc3 e3 21. Qxe3 Qd7 22. Be2 Re8 23. Qf4 Bxg2 24. Rg1 Nh5 25. Nxh5 Rxe2+ 26. Kxe2 Re6+ 27. Qe3 Qb5+ 0-1

[Event "CFriend AP-2004-Q-00007 email"]
[Site "Chessfriend.com"]
[Date "2004.02.28"]
[Round "?"]
[White "Marjamaki, Marko"]
[Black "Makeev, Alexey Nikolaevich"]
[Result "0-1"]
[WhiteElo "1750"]
[BlackElo "2000"]
[PlyCount "90"]
[EventDate "2004.??.??"]
[EventType "tourn (corr)"]
[EventRounds "12"]
[SourceTitle "Corr 2008"]
[Source "ChessBase"]
[SourceDate "2008.06.24"]
[SourceVersion "1"]
[SourceVersionDate "2008.06.24"]
[SourceQuality "1"]

1. d4 Nf6 2. Bg5 g6 3. Bxf6 exf6 4. c4 c5 5. Nc3 cxd4 6. Qxd4 d6 7. 0-0-0 Nc6 8. Qf4 h5 9. e3 g5 10. Qe4+ Be6 11. Nd5 Rc8 12. h4 Bg7 13. Kb1 f5 14. Qc2 g4 15. Ne2 b5 16. Ng3 bxc4 17. Bxc4 Ne7 18. Qd3 Rc5 19. Bb5+ Kf8 20. Nxe7 Kxe7 21. b4 Re5 22. a4 Qb8 23. Qa3 a5 24. Rd2 axb4 25. Qxb4 Rc5 26. Rc1 Rxc1+ 27. Kxc1 Be5 28. Rc2 Qb7 29. Rc6 Bd7 30. Rc4 Rb8 31. Qa5 d5 32. Rc2 Bxb5 33. axb5 Bxg3 34. fxg3 Qxb5 35. Qc7+ Kf6 36. Kd2 Kg6 37. Qf4 f6 38. Qd4 Qf1 39. Qxd5 Qf2+ 40. Kd3 Qe1 41. e4 Qxg3+ 42. Kd4 Kh6 43. exf5 Qa3 44. Rc3 Qb4+ 45. Kd3 Qb1+ 0-1